| 000 | 00381nam a2200145Ia 4500 | ||
|---|---|---|---|
| 008 | 230917s9999||||xx |||||||||||||| ||und|| | ||
| 040 |
_e128472 _aMAIN |
||
| 041 | _aEnglish | ||
| 082 | _a342.54 S392C | ||
| 100 | _aConstituent Assembly of India | ||
| 245 | 0 | _aConstituent assembly of India | |
| 260 |
_aNew Delhi _bGovernment Of India _c[n.d.] |
||
| 300 | _a535 p. | ||
| 942 | _cBK | ||
| 999 |
_c165528 _d165528 |
||